MARC

LEADER 00000nam0a2200000 4500
001 309915
005 20231101012740.0
020 |a RU  |b 81-90248 
035 |a (RuTPU)RU\TPU\book\335255 
090 |a 309915 
100 |a 20151118d1981 km y0rusy5003 ca 
101 0 |a rus 
102 |a BY 
105 |a a z 001zy 
200 1 |a Расчет и моделирование гидроприводов станков с применением ЭВМ  |f В. П. Леневич, В. Ф. Горошко 
210 |a Минск  |c Вышэйшая школа  |d 1981 
215 |a 158 с.  |c ил. 
320 |a Библиогр.: с. 157 
606 1 |a Металлорежущие станки  |x Гидравлические приводы  |2 stltpush  |3 (RuTPU)RU\TPU\subj\74364 
610 1 |a расчет на вычислительных машинах 
610 1 |a моделирование 
610 1 |a гидросистемы 
610 1 |a контуры 
610 1 |a гидроцилиндры 
610 1 |a гидроприводы 
610 1 |a волновые процессы 
675 |a 621.9.06-82  |z rus  |v 3 
700 1 |a Леневич  |b В. П.  |g Валентин Петрович  |4 070 
701 1 |a Горошко  |b В. Ф.  |g Валерий Феофанович  |4 070 
801 0 |a RU  |b RuMRKP  |c 19950704  |g psbo 
801 1 |a RU  |b 63413507  |c 20151118 
801 2 |a RU  |b 63413507  |c 20190920  |g RCR 
942 |c BK